Monografías : (Registro nro. 260)

Detalles MARC
000 -Cabecera
Campo de control interno 00613nam a2200205Ia 4500
005 - Fecha y hora del registro
control field 20251203123022.0
008 - Elementos de Longitud Fija
fixed length control field 251203t9999||||xx |||||||||||||| ||spa||
041 ## - Idioma
Codigo Idioma ESP
082 ## - DEWEY y NOTACIÓN INTERNA
Dewey 869.502
Notación Interna M84 T. 3
100 ## - AUTOR
Autor denominación [Autor no identificado]
Títulos y otras palabras asociadas con el nombre
245 #0 - TÍTULO DE MATERIAL BIBLIOGRÁFICO
Título Monografías :
Título paralelo Tomo 3
260 ## - CIUDAD, EDITORIAL, AÑO
Ciudad [Lugar de publicación no identificado] :
Nombre de la Editorial [Editor no identificado],
Año [Fecha de publicación no identificada]
300 ## - DESCRIPCIÓN
N° Páginas 339 páginas :
Otros detalles láminas, ilustraciones ;
Dimensiones 24 cm.
Material Adicional
440 ## - MENCIÓN DE SERIE
Título de la Serie
Número de Serie
Volumen de Serie
650 ## - TEMAS
Temas Literatura
653 ## - DESCRIPTORES
Lenguajes no controlado Literatura peruana
654 ## - PROGRAMAS
Programa Todos los programas
942 ## - ELEMENTOS DE KOHA
Tipo de documento Libro
Nombre del creador Justo Noguera
Código de catalogador Margarita Torres
Esquema de clasificación Dewey Decimal Classification
Suppress in OPAC
Existencias
Codigo completo Registro Colección Copia número Disponibilidad Tipo de préstamo Biblioteca Actual Procedencia (Biblioteca) Ubicacón Fecha Ingreso Tipo de Adquisición Date last seen Total checkouts Price effective from Tipo de Item Estado del Material Fuente de Clasificación Damaged status Withdrawn status
869.502 M84 T. 3 1085133 Colección Vera Bejar 1   Restringido Víctor Andrés Belaunde Víctor Andrés Belaunde Planta baja cerrada 03/12/2025 Donación 03/12/2025   03/12/2025 Libro Regular Dewey Decimal Classification   Withdrawn